MARC

LEADER 00000nab a2200000 ar4500
001 vtls010079002
003 SK-MaSNL
005 20260303210818.0
008 100324c2010 xo mr|p|||||||000 b|slo
038 |a PPPK 
040 |a PPPKCL  |b slo  |c PPPKCL  |e AACR2 
041 0 |a slo 
044 |a xo  |c SK 
080 |a 346.548  |2 2001 
080 |a 005.942  |2 2001 
080 |a 366.5  |2 2001 
100 1 |a Fáber, Michal  |4 aut  |9 374452 
245 1 0 |a Bližšie k zákazníkom  |c Michal Fáber 
610 2 7 |a Spoločnosť ochrany spotrebiteľov (občianske združenie)  |2 pppkcl  |9 1092925 
610 2 7 |a Vymožiteľnosť práva, mimosúdne riešenie spotrebiteľských sporov - II. cyklus (projekt)  |2 snkbucl  |9 1242989 
610 2 7 |a Klub dôchodcov (Kežmarok, Slovensko)  |2 pppkcl  |9 1039895 
650 0 7 |a ochrana spotrebiteľa  |2 pppkcl  |9 2673 
650 0 7 |a poradenské služby  |2 pppkcl  |9 67085 
650 0 7 |a občianske právo  |2 pppkcl  |9 981 
651 7 |a Kežmarok (Slovensko)  |2 pppkcl  |9 26808 
773 0 |t Kežmarok  |g Roč. XVIII, č. 4 (2010), s. 3 
852 |a PPPK  |b KIS3GCP 
999 |c 2201893  |d 2203823